=LDR 00000nam 2200000 4500 =001 NUTBA000000000005423 =005 20141029152710.0 =006 =007 =008 =020 ##$$a 978-979-078-117-7 =035 ##$$a 0010-101400000000653 =040 ##$$a NBPDMAT =082 ##$$a 372.5 =090 ##$$a 372.5 $b Iwr s =100 ##$$a Iwan Suwandi =245 ##$$a Seni budaya dan keterampilan untuk SD dan MI kelas vi / $c Iwan Suwandi, Victoria D.Christiyani ; penyunting, Rachmi Ulya Fairus, Nining Dwi Hidayati =250 ##$$a Cet.2 =260 ##$$a Jakarta : $b Dian Rakyat, $c 2010 =300 ##$$a viii, 142 hlm. : $b ilus. ; $c 24 cm. =500 ##$$a Indeks : hlm. 134, Bibliografi : hlm. 135 =650 ##$$a Kesenian SD - Studi dan Pengajaran =700 ##$$a Victoria D.Christiani, Rachmi Ulya, Fairus, Nining Dwi Hidayati =850 ##$$a NBPDMAT